| 000 | 00764nam a2200217 a 4500 | ||
|---|---|---|---|
| 001 | 000018602 | ||
| 005 | 20250204073952.0 | ||
| 008 | 100512s2010 dr r 000 p spa d | ||
| 020 | _a9789993458784 | ||
| 040 |
_aDO-SdBNP _bspa _cBNPHU |
||
| 082 |
_aRD861.44 _bD671e 2010 |
||
| 100 | 1 |
_aDomínguez, Francisca Otilia, _d1923- _924943 |
|
| 245 | 1 | 0 |
_aEterno retorno / _cFrancisca Otilia Domínguez ; prólogo Mariano Lebrón Saviñón. |
| 250 | _a2a ed. | ||
| 260 |
_aSanto Domingo : _bCentenario, _c2010. |
||
| 300 |
_a144 p. ; _c21 cm. |
||
| 500 | _aIncluye datos biográficos de la autora en la solapa de la cubierta | ||
| 650 | 0 |
_aPoesía dominicana _966 |
|
| 650 | 0 |
_aLiteratura dominicana. _967 |
|
| 700 | 1 |
_aLebrón Saviñon, Mariano _d1922-2014 _epról. _97227 |
|
| 999 |
_c18122 _d18122 |
||